Minorities of China Sudden Death - Statistics

General Stats
  • This quiz has been taken 29 times
  • The average score is 6 of 21
Answers on the Grid
Answers color-coded by a green-red scale on the quiz's grid according to % correct below.
Ainu
Bai
Bhutanese
Burmese
Dai
Dong
Fong
Hakka
Hmong
Hui
Japanese
Jew
Kazakh
Khmer
Korean
Kyrgyz
Lao
Lisu
Manchu
Mongol
Pashto
Persian
Punjabi
Rohingya
Russian
Ryukyu
Sami
Sherpa
Tagalog
Tajik
Tatar
Thai
Tibetan
Turkmen
Uyghur
Uzbek
Vietnamese
Yao
Yi
Zhuang
 
Answer Stats
Answer % Correct
Uyghur
68%
Hui
53%
Mongol
47%
Korean
42%
Hmong
37%
Manchu
37%
Tibetan
37%
Bai
32%
Dong
32%
Yao
32%
Yi
32%
Dai
21%
Kazakh
21%
Lisu
21%
Kyrgyz
16%
Russian
16%
Tajik
16%
Zhuang
16%
Uzbek
11%
Vietnamese
11%
Tatar
5%
No matching quizzes found
Score Distribution
Percent of People with Each Score
Percentile by Number Answered
Your Score History
You have not taken this quiz